Name a Valid Pokemon for Each Ability Part 1 (A & B) - Statistics

General Stats
  • This quiz has been taken 64 times
  • The average score is 14 of 20
Answer Stats
Hint Answer % Correct
Blaze Charmander | Charmeleon | Charizard | Cyndaquil | Quilava | Typhlosion | Torchic | Combusken | Blaziken | Chimchar | Monferno | Infernape | Tepig | Pignite | Emboar | Pansear | Simisear | Fennekin | Braixen | Delphox | Litten | Torracat | Incineroar | Scorbunny | Raboot | Cinderace
90%
Aftermath Voltorb | Electrode | Drifloon | Drifblim | Stunky | Skuntank | Trubbish | Garbodor
88%
Bad Dreams Darkrai
87%
Beast Boost Nihilego | Buzzwole | Pheromosa | Xurxitree | Celesteela | Kartana | Guzzlord | Poipole | Naganadel | Stakataka | Blacephalon
85%
Arena Trap Diglett | Dugtrio | Trapinch
83%
Battle Bond Greninja
79%
Air Lock Rayquaza
79%
Battery Charjabug
75%
Adaptability Beedrill | Eevee | Corphish | Crawdaunt | Feebas | Lucario | Porygon-Z | Basculin | Skrelp | Dragalge | Yungoos | Gumshoos
73%
Ball Fetch Yamper
73%
Big Pecks Pidgey | Pidgeotto | Pidgeot | Chatot | Pidove | Tranquill | Unfezant | Ducklett | Swanna | Vullaby | Mandibuzz | Fletchling | Rookidee | Corvisquire
69%
Aroma Veil Spritzee | Aromatisse | Milcery | Alcremie
69%
Analytic Magnemite | Magneton | Staryu | Starmie | Porygon | Porygon2 | Magnezone | Porygon-Z | Patrat | Watchog | Elgyem | Beeheyem
67%
Anger Point Mankey | Primape | Tauros | Camerupt | Sandile | Krokorok | Krookodile | Crabrawler | Crabonimable
65%
Aura Break Zygarde
60%
Anticipation Rapidash | Eevee | Barboach | Whiscash | Wormadam | Croagunk | Toxicroak | Ferrothorn | Hatenna | Hattrem | Hatterene
58%
Bulletproof Chespin | Quilladin | Chesnaught | Jangmo-o | Hakamo-o | Kommo-o | Wooloo | Dubwool | Applin
56%
Battle Armor Cubone | Marowak | Kabuto | Kabutops | Anorith | Armaldo | Skorupi | Drapion | Type: Null | Perrserker | Falinks
54%
Aerilate Pinsir | Salamence
52%
Berserk Drampa
46%
No matching quizzes found
Score Distribution
Percent of People with Each Score
Percentile by Number Answered
Your Score History
You have not taken this quiz